000 00353 a2200157 4500
001 167659
020 _a
040 _cMagnum
100 _aBrandao, Helena Nagamine
240 1 0 _aGeneros do discurso na escola - v.5
_lpor
245 1 0 _aGeneros do discurso na escola - v.5
362 0 _a1899
440 1 _aCortez
697 _aENSINO
942 _cBK
999 _c167659
_d167659